| 000 | 01193nam a2200229Ia 4500 | ||
|---|---|---|---|
| 999 |
_c37948 _d37948 |
||
| 001 | 3930 | ||
| 003 | GE_BSU | ||
| 005 | 20190910174832.0 | ||
| 008 | 181216s1987||||ge |||||||||||||| ||geo|| | ||
| 040 | _cGE_BSU | ||
| 041 | _ageo | ||
| 080 | _a378(479.223) ვ–41 | ||
| 100 |
_aვერძაძე, ნური _93469 |
||
| 245 |
_aინსტიტუტის სათავეებთან : _bბათუმის შოთა რუსთაველის სახ. პედ. ინ-ტის პირველი რექტორი ხუსეინ ნაკაიძე / _cრედ. ზ. ფირცხალაიშვილი. |
||
| 264 |
_a ბათუმი : _b საბჭ. აჭარა, _c1987. |
||
| 300 |
_a50 გვ. ; _b20 სმ. |
||
| 600 |
_aნაკაიძე ხუსეინ _93950 |
||
| 653 | _aპედაგოგიკური ინსტიტუტები საქართველოში | ||
| 653 | _aუმაღლესი სასწავლებლების რექტორები | ||
| 700 |
_aფირცხალაიშვილი, ზ. _eრედაქტორი _93678 |
||
| 942 |
_cBK _2udc |
||